000 00905cam a2200157ua 4500
041 _aeng
_h
082 _a621.643
_bIND/ME
110 1 _aIndian standards insttution .
_bISI
_c()
245 _aMethods of test for concrete pipes,IS: 3597-1985 /
_cIndian standards institution.
_hTextual Documents
250 _a1 /
_b.
260 _a :
_bISI ,
_c1985.
300 _a12 ; .
504 _a
942 _cBK
999 _c4169
_d4169